| 000 | 00443nam a2200133 4500 | ||
|---|---|---|---|
| 999 |
_c14114 _d14114 |
||
| 008 | 190809b ||||| |||| 00| 0 eng d | ||
| 082 | _aDPer 050 T48 Apr-June 2016 v. 187 n. 12-24 | ||
| 100 |
_aZeisler, Andi. _939155 |
||
| 245 |
_aModern feminism should stop selling out/ _cAndi Zeisler. |
||
| 260 |
_aHong Kong: _bTime Asia, _cc2016. |
||
| 300 |
_av187 n18, page 21: _billustrations; _c27 cm. |
||
| 650 |
_aFeminism. _939156 |
||
| 942 |
_2ddc _cPER |
||